000 01236nam a22003377a 4500
003 DO-SdBPM
005 20260114130029.0
007 ta
008 151117b1993 sp | |||| 00| 0 spa d
020 _a8424916336
040 _aDO-SdBPM
_bspa
_cBPMSU
_erda
082 4 _a946.02
_bP419c 1993
_222
100 1 _aPeñarroja Torrejón, Leopoldo
_4aut.
_eautor
245 1 0 _aCristianos bajo el Islam :
_b los mozárabes hasta la reconquista de Valencia /
_cLeopoldo Peñarroja Torrejón.
260 _b
264 _aMadrid :
_bEditorial Gredos,
_c1993.
300 _a394 páginas :
_bilustraciones, mapas ;
_c18 cm.
336 _atexto
_btxt
_2rdacontent
337 _asin mediación
_bn
_2rdamedia
338 _avolumen
_bnc
_2rdacarrier
490 0 _aMonografías históricas,
_v4
500 _aIncluye referencias bibliográficas y notas al pie de las páginas.
505 _aBibliografía : páginas 335-351
590 _aInventariado, 2026
630 _aCantar de Mio Cid
_xCrítica e interpretación.
650 7 _aArabes en España.
651 7 _aEspaña
_x Historia
_yDominación árabe, 711-1492.
_2
830 0 _aMonografías históricas ;
_n4
910 _aVMateo V. Control de calidad. BPMSU
942 _2ddc
_cBK
999 _c8735
_d8735